01519nab a22002417a 4500999001500000003000400015005001700019008004100036040000700077100002900084245016400113300001500277500003600292505048400328505013500812650002800947650001900975650002800994650005201022650003501074773015501109942001301264 c5747d5747OSt20260101205950.0190514b xxu||||| |||| 00| 0 spa d cPJ 96664aMoine, Pablo David13aEl art. 666 del Cód. Civ. y Com.: bun desencadenante de confusiones y soluciones. Su análisis en el marco de una decisión judicial /cPablo David Moine. ap. 161-166 aCita: TR LALEY AR/DOC/453/2025. aSumario: I. Introducción.— II. Acerca de los hechos controversiales.— III. Un repaso por los aspectos generales del cuidado personal. Consideraciones en torno al cuidado personal compartido bajo la modalidad alternada.— IV. El art. 666 del Cód. Civ. y Com. Un punto de encuentro en el ejercicio del cuidado personal y la forma de cumplimiento de la obligación alimentaria.— V. Algunas precisiones relacionadas con el caso bajo análisis.— VI. Reflexión final.  aFallo comentado: Unidad Procesal N°11 de Viedma ~ 22/08/2024 ~ V. R. E. c. L. D. A. s/ sumarísimo (cese de cuota alimentaria). 09967aDERECHO DE FAMILIA 09968aALIMENTOS 094099aCUOTA ALIMENTARIA 096665aCESACIÓN DE LA OBLIGACIÓN ALIMENTARIA 091057aJURISPRUDENCIA APLICABLE0 0284493222dBuenos Aires : AbeledoPerrot, 1989-tDerecho de familia. Revista Interdisciplinaria de doctrina y jurisprudencia. Abril 2025-II.z18511201 2udccANA